Central Library OPAC University of Rajshahi

A history of astronomy from Thales to Kepler : (Record no. 9837)

MARC details
000 -LEADER
fixed length control field 00859nam a2200265 a 4500
001 - CONTROL NUMBER
control field 9837
003 - CONTROL NUMBER IDENTIFIER
rucl marc code BD-RjUL
005 - DATE AND TIME OF LATEST TRANSACTION
control field 20211208234839.0
008 - FIXED-LENGTH DATA ELEMENTS--GENERAL INFORMATION
fixed length control field 140122t1953 nyua 001 0 eng
035 ## - SYSTEM CONTROL NUMBER
System control number (BD-RjUL)9882
040 ## - CATALOGING SOURCE
Original cataloging agency DLC/ICU
Transcribing agency ICU
Language of cataloging eng
Modifying agency BD-RjUL
041 ## - LANGUAGE CODE
Language code of text/sound track or separate title eng
082 00 - DEWEY DECIMAL CLASSIFICATION NUMBER
Classification number 523.4
Edition number 23
Author mark and year DRH 1953
100 10 - MAIN ENTRY--PERSONAL NAME
Personal name Dreyer, J. L. E.
9 (RLIN) 30408
245 12 - TITLE STATEMENT
Title A history of astronomy from Thales to Kepler :
Remainder of title formerly titled History of the planetary systems from Thales to Kepler /
Statement of responsibility, etc. J. L. E. Dreyer; rev. with a foreword by W.H. Stahl.
250 ## - EDITION STATEMENT
Edition statement 2d ed.
260 ## - PUBLICATION, DISTRIBUTION, ETC. (IMPRINT)
Place of publication, distribution, etc. New York :
Name of publisher, distributor, etc. Dover Publications,
Date of publication, distribution, etc. c1953.
300 ## - PHYSICAL DESCRIPTION
Pagination x, 438 p. :
Illustrations ill. ;
Size 22 cm.
504 ## - BIBLIOGRAPHY, ETC. NOTE
Bibliography, etc Includes index.
650 #0 - SUBJECT ADDED ENTRY--TOPICAL TERM
Topical term or geographic name as entry element Astronomy
General subdivision History.
9 (RLIN) 25927
651 #0 - SUBJECT ADDED ENTRY--GEOGRAPHIC NAME
Geographic name Solar system.
9 (RLIN) 30409
700 ## - ADDED ENTRY--PERSONAL NAME
Personal name Stahl. W.H.
942 ## - ADDED ENTRY ELEMENTS (KOHA)
Source of classification or shelving scheme Dewey Decimal Classification
Koha item type Books
Holdings
Lost status Source of classification or shelving scheme Damaged status Not for loan Collection code Permanent Location Current Location Shelving location Date acquired Source of acquisition Total Checkouts Full call number Date last seen Copy number Koha item type Cost, normal purchase price
  Dewey Decimal Classification   Not For Loan Non-fiction Central Library, University of Rajshahi Central Library, University of Rajshahi Reading Room 15/05/1963 Asia foundation   520 DRH 1953 22/01/2014 C-1 Books  
  Dewey Decimal Classification     Non-fiction Central Library, University of Rajshahi Central Library, University of Rajshahi   13/11/1965 Zeit.   520 DRH 1953 05/09/2016 C-2 Books 16.00